| 000 | 00000ngm 2200000za 4500 |
| 001 | 9.845479 |
| 003 | CaOODSP |
| 005 | 20240213112804 |
| 006 | m o c f |
| 007 | cr cna|||a|||| |
| 008 | 171012s2016 onc044 fo vlfre d |
| 040 | |aCaOODSP|bfre |
| 043 | |an-cn--- |
| 086 | 1 |aRv4-98/2016F-MP4 |
| 245 | 00|aAllocations et avantages imposables relatifs aux automobiles et aux véhicules à moteur |h[ressource électronique] / |cAgence du revenu du Canada. |
| 260 | |a[Ottawa] : |bAgence du revenu du Canada, |c2016. |
| 300 | |a1 vidéo en streaming (44 min., 25 sec.) : |bs., coul. |
| 500 | |aPubl. aussi en anglais sous le titre : Automobile and motor vehicle benefits and allowances. |
| 500 | |aTitre du titre d'écran. |
| 500 | |a« Août 2016. » |
| 500 | |aTranscription de la vidéo en format HTML est fourni par l’éditeur. |
| 520 | |a« Ce webinaire porte sur les allocations et avantages imposables relatifs aux automobiles et aux véhicules à moteur. Il fournit des renseignements sur l’usage à des fins personnelles et explique la différence entre une automobile et un véhicule à moteur. Il explique aussi comment calculer l’avantage imposable et le déclarer dans un feuillet T4 »--Fournis par l'éditeur. |
| 538 | |aExigences du système : Windows Media Player. |
| 538 | |aMode d'accès : World Wide Web. |
| 692 | 07|2gccst|aEntreprise |
| 692 | 07|2gccst|aAllocation |
| 692 | 07|2gccst|aVéhicule automobile |
| 692 | 07|2gccst|aImpôt |
| 710 | 2 |aAgence du revenu du Canada. |
| 775 | 08|tAutomobile and motor vehicle benefits and allowances |w(CaOODSP)9.845478 |
| 856 | 40|qMP4|s156.49 Mo|uhttps://publications.gc.ca/collections/collection_2017/arc-cra/Rv4-98-2016-fra.mp4|zVidéo |
| 856 | 4 |qHTML|sS.O.|uhttps://www.canada.ca/fr/agence-revenu/nouvelles/bibliotheque-multimedia-arc/galerie-videos-entreprises/transcription-allocations-avantages-imposables-relatifs-automobiles-vehicules-a-moteur.html|zTranscription |